[Event "IND-ch (Women) 48th"]
[Site "Hatkanangale"]
[Date "2023.01.01"]
[Round "7"]
[White "Chetana, D."]
[Black "Mitali, Madhukar Patil"]
[Result "0-1"]
[WhiteElo "1444"]
[BlackElo "1877"]
[PlyCount "82"]
[EventDate "2022.12.26"]
[EventType "swiss"]
[EventRounds "11"]
[EventCountry "IND"]
[SourceTitle "CBM 212 Extra"]
[Source "ChessBase"]
[SourceDate "2023.03.31"]
[SourceVersion "1"]
[SourceVersionDate "2023.03.31"]
[SourceQuality "1"]

1. e4 e5 2. Nf3 Nc6 3. Bb5 Nge7 4. c3 a6 5. Ba4 g6 6. d4 exd4 7. cxd4 b5 8. Bc2 Bg7 9. 0-0 0-0 10. h3 d6 11. Nc3 Bb7 12. Ne2 Na5 13. Bf4 Rc8 14. a4 b4 15. Qd2 c5 16. Bh6 b3 17. Bxg7 Kxg7 18. Bb1 d5 19. dxc5 dxe4 20. Qc3+ Kg8 21. Ng5 Nd5 22. Qg3 Nf6 23. Nc3 Rxc5 24. Ngxe4 Nxe4 25. Bxe4 Rxc3 26. Qxc3 Bxe4 27. Rfe1 Bc2 28. Re5 Nb7 29. Rae1 Qf6 30. Qc7 Nd8 31. a5 Nc6 32. Rc5 Nb4 33. Rc4 Nd3 34. Re2 Qxb2 35. Rexc2 bxc2 36. Rxc2 Qa1+ 37. Kh2 Qe5+ 38. Qxe5 Nxe5 39. f4 Nd7 40. Rc7 Rd8 41. Ra7 Nc5 0-1

[Event "IND-ch U13 Girls"]
[Site "Gujarath"]
[Date "2016.07.25"]
[Round "6"]
[White "Chetana, D."]
[Black "Bristy, Mukherjee"]
[Result "0-1"]
[WhiteElo "1462"]
[BlackElo "1621"]
[PlyCount "82"]
[EventDate "2016.07.22"]
[EventType "swiss"]
[EventRounds "11"]
[EventCountry "IND"]
[SourceTitle "EXT 2017"]
[Source "ChessBase"]
[SourceDate "2016.10.25"]
[SourceVersion "1"]
[SourceVersionDate "2016.10.25"]
[SourceQuality "1"]

1. e4 g6 2. d4 Bg7 3. c4 c5 4. d5 d6 5. Nc3 Nf6 6. Bd3 Na6 7. Nge2 Nc7 8. a4 b6 9. 0-0 0-0 10. h3 a6 11. Be3 Rb8 12. Ng3 Bb7 13. f4 Qd7 14. Qe2 e6 15. Kh1 exd5 16. Nxd5 Bxd5 17. cxd5 Rbe8 18. Qd2 h5 19. Bf2 h4 20. Ne2 Nxe4 21. Bxe4 Rxe4 22. Nc3 Bxc3 23. bxc3 Qf5 24. Bxh4 Qxd5 25. Qb2 Rb8 26. a5 b5 27. Rae1 Rbe8 28. Rxe4 Rxe4 29. Qf2 f5 30. Qg3 Qf7 31. Re1 Rxe1+ 32. Qxe1 Qe6 33. Qg3 d5 34. Bg5 d4 35. cxd4 cxd4 36. Qd3 Qe3 37. Qc2 Qc3 38. Qa2+ Qc4 39. Qd2 Nd5 40. Qe1 Ne3 41. Qg3 Qc1+ 0-1